El ateísmo en nuestro tiempo /

محفوظ في:
التفاصيل البيبلوغرافية
التنسيق: كتاب
اللغة:الإسبانية
منشور في: Barcelona, España : Nova Terra, 1967
الموضوعات:
الوسوم: إضافة وسم
لا توجد وسوم, كن أول من يضع وسما على هذه التسجيلة!

MARC

LEADER 00000nam^a2200000^a^4500
001 000000882
005 20250521000000.0
009 20260310083044.459
037 |a Acervo ITESO - Biblioteca 
041 |a ESP 
082 |a 211.  |b COL 
245 1 3 |a El ateísmo en nuestro tiempo /  |c Facultad de Filosofía de San Cugat del Vallés. 
264 1 |a Barcelona, España :  |b Nova Terra,  |c 1967 
300 |a 360 p. 
336 |a texto  |b txt  |2 rdacontenido 
337 |a sin mediación  |b n  |2 rdamedio 
338 |a volumen  |b nc  |2 rdasoporte 
649 |a XX 
650 |a Religión 
650 |a Ateísmo 
910 |a Fondo General 
920 |a Impresos - Libros 
930 |a Colección General 
905 |a 101 
901 |a 0008820100  |b IT1  |c ACC  |i 000882  |u 20250521 
902 |a https://opac.biblio.iteso.mx/vufind/Record/000000882